|
|
|
|
| LEADER |
00927nam a2200301 4500 |
| 001 |
DLU090098314 |
| 005 |
##20091201 |
| 040 |
# |
# |
|a DLU
|b eng
|
| 041 |
# |
# |
|a eng
|
| 044 |
# |
# |
|a us
|
| 100 |
# |
# |
|a Hung, Chien-Ho.
|
| 245 |
# |
# |
|a Kinetics and modeling of autotrophic thiocyanate biodegradation /
|c Chien-Ho Hung, Spyros G. Pavlostathis.
|
| 653 |
# |
# |
|a Bioenergetics
|
| 653 |
# |
# |
|a Kinetics
|
| 653 |
# |
# |
|a Nonlinear regression analysis
|
| 653 |
# |
# |
|a Substrate inhibition
|
| 653 |
# |
# |
|a Thiocyanate
|
| 700 |
# |
# |
|a Pavlostathis, Spyros G.
|
| 773 |
# |
# |
|t Biotechnology and Bioengineering
|g Vol. 62, no. 1 (January 1999), p. 1-11
|
| 920 |
# |
# |
|a Phòng Tạp chí -- Trung tâm Thông tin - Thư viện Trường Đại học Đà Lạt
|
| 994 |
# |
# |
|a DLU
|
| 900 |
# |
# |
|a True
|
| 911 |
# |
# |
|a Trương Bảo Trâm Anh
|
| 925 |
# |
# |
|a G
|
| 926 |
# |
# |
|a A
|
| 927 |
# |
# |
|a BB
|
| 980 |
# |
# |
|a Thư viện Trường Đại học Đà Lạt
|